000 00428 a2200133 4500
001 ART_57933
005 20260410161635.0
008 260409a
245 1 0 _aInformación ASG en las empresas del índice de sustentabilidad ByMA
100 1 _aD´Onofrio, Paula Alejandra
700 1 _aSantiago, María Isabel
700 1 _aPanario Centeno, María Marta
773 0 _tEnfoques
_g- N° 2 (feb. 2023)
_wREV416
999 _c12832
_d12832